Pokemon - Les attaques de Chacripan - Statistiques

Statistiques générales
  • Ce quiz a été pris 16 fois
  • Le résultat moyen est 9 sur 12
Statistiques - réponses
Niveaux Types Noms des attaques % Correct
Niveau 12 Normal Combo-Griffe
100%
Départ Normal Griffe
100%
Niveau 4 Sol Jet de Sable
100%
Départ Normal Rugissement
100%
Niveau 24 Ténèbres Aiguisage
78%
Niveau 40 Fée Câlinerie
78%
Niveau 28 Ténèbres Coup Bas
78%
Niveau 32 Ténèbres Machination
78%
Niveau 36 Ténèbres Tranche-Nuit
67%
Niveau 21 Ténèbres Assurance
56%
Niveau 16 Ténèbres Tourmente
56%
Niveau 5 Normal Bluff
44%
Aucun quiz correspondant
Distribution des résultats
% des personnes avec chaque résultat
Percentile par nombre de réponses
Votre historique - résultats
Vous n’avez pas pris ce quiz